Návrh výroby izomaltulózy prostredníctvom glukozyltransferázy z Erwinia sp. D12

Saved in:
Bibliographic Details
Main Author: Kučma, Andrej
Format: Book
Language:Slovak
Published: Bratislava STU FCHPT 2009
Online Access:View in OPAC
Tags: Add Tag
No Tags, Be the first to tag this record!

MARC

LEADER 00000nam a2200000 a 4500
005 20260127133953.0
008 091210 2009 xo 000 0 slo d
035 |a vtls010030329 
039 9 |a 200912100725  |b mschk03  |c 200912100721  |d mschk03  |y 200912100714  |z mschk03 
040 |a STUSCHK1  |b slo  |c STUSCHK1  |e AACR2 
100 1 |a Kučma, Andrej 
245 1 |a Návrh výroby izomaltulózy prostredníctvom glukozyltransferázy z Erwinia sp. D12  |c Andrej Kučma 
260 |a Bratislava  |b STU FCHPT  |c 2009 
300 |a 33 s.  |b il.  |c 30 cm 
500 |a Obháj.: 
500 |a Študijný program: chemické inžinierstvo 
500 |a Bakalárska práca 
500 |a Ústav chemického a environmentálneho inžinierstva, odd. chemického a biochemického inžinierstva 
500 |a Študijný odbor: 5.2.17 chemické inžinierstvo 
910 |a SCHK95 
999 |c 1161  |d 1161